Οι εφαρμογές των πληροφοριακών συστημάτων στην λιμενική βιομηχανία : πτυχιακή εργασία
Αποθηκεύτηκε σε:
| Κύριος συγγραφέας: | |
|---|---|
| Συγγραφή απο Οργανισμό/Αρχή: | |
| Άλλοι συγγραφείς: | , |
| Μορφή: | Thesis Βιβλίο |
| Γλώσσα: | Greek |
| Δημοσίευση: |
2004
|
| Θέματα: | |
| Διαθέσιμο Online: | http://hdl.handle.net/11610/9529 |
| Ετικέτες: |
Προσθήκη ετικέτας
Δεν υπάρχουν, Καταχωρήστε ετικέτα πρώτοι!
|
MARC
| LEADER | 00000cam a2200000 i 4500 | ||
|---|---|---|---|
| 001 | 1/76042 | ||
| 008 | 050510s2004 gre d | ||
| 035 | |l 10077872 | ||
| 040 | |a GR-MY-UA |b gre |e aacr | ||
| 041 | 0 | |a gre | |
| 082 | 0 | |a 658.4038 |2 (21) | |
| 100 | 1 | |a Σοφρά, Αθηνά. | |
| 245 | 1 | 3 | |a Οι εφαρμογές των πληροφοριακών συστημάτων στην λιμενική βιομηχανία : |b πτυχιακή εργασία / |c Σοφρά Αθηνά ; επιβλέποντες Λάμπρου Μαρία, Πάλλης Αθανάσιος |
| 260 | |c 2004 | ||
| 300 | |a 192 σ.; |b εικ., διαγρ., σχ.; |c 30 εκ. | ||
| 502 | |a Πτυχιακή εργασία – Πανεπιστήμιο Αιγαίου, Χίος, 2004. | ||
| 504 | |a Περιλαμβάνει βιβλιογραφία | ||
| 610 | 2 | 0 | |a Πανεπιστήμιο Αιγαίου. |
| 650 | 0 | 0 | |a Management information systems. |
| 650 | 0 | 0 | |a Dissertations, Academic |z Greece. |
| 700 | 1 | |a Λάμπρου, Μαρία. |4 ths | |
| 700 | 1 | |4 ths |a Πάλλης, Αθανάσιος Α. | |
| 710 | 1 | |a Πανεπιστήμιο Αιγαίου |b Σχολή Επιστημών της Διοίκησης |b Τμήμα Ναυτιλίας και Επιχειρηματικών Υπηρεσιών - Τ.Ν.Ε.Υ. | |
| 852 | |a INST |b CHIOS |c DIATR |e 20050510 |h 658.4038 ΣΟΦ |p 005200025398 |q 005200025398 |t DIE |y 23 | ||
| 852 | |a INST |b CHIOS |c DIATR |e 20050510 |h 658.4038 ΣΟΦ |p 005200025399 |q 005200025399 |t DIE |y 23 | ||
| 856 | |u http://hdl.handle.net/11610/9529 | ||
| 901 | |a BIBL2-2005-2 | ||
| 909 | |a Χ |b 118975 | ||
| 909 | |a Χ |b 118976 | ||
| 924 | |a ΣΟΦΡΑ |b ΑΘΗΝΑ |y ΧΙΟΣ |z 2004-10 | ||
| 970 | |a ΒΑΣΙΛΑΚΗ |b ΝΙΚΗ |z 2005/05/10 | ||